| 000 | 00622nam a22002177a 4500 | ||
|---|---|---|---|
| 999 |
_c9229 _d9229 |
||
| 003 | AR-CdUCM | ||
| 008 | 190327b ||||| |||| 00| 0 spa d | ||
| 040 |
_aMUNICIPALIDAD PROVINCIAL DEL CUSCO _cBIBLIOTECA MUNICIPAL DEL CUSCO |
||
| 041 | _hpor | ||
| 082 |
_a868.9 / _bC85 |
||
| 100 |
_aCouto, Ozório _925296 |
||
| 245 |
_aDo pico do amor pelo : _bcauê / |
||
| 260 |
_aBelo horizonte : _bAdiedicôes, _c2005. |
||
| 300 |
_a303 páginas ; _c23 cm. |
||
| 500 | _aDedicatoria | ||
| 505 | _aPoesía | ||
| 650 |
_aPoesía brasileira _925297 |
||
| 650 |
_aHistoria do brasil _925298 |
||
| 942 |
_2ddc _cLIBROS |
||
| 945 | _aacv | ||